000 00320 a2200157 4500
001 56885
020 _a851604341X
040 _cAnchieta - Pituba
100 _aMcDonald, Megan
240 1 0 _aJudy Moody
_lpor
245 1 0 _aJudy Moody
300 _a183
362 0 _a2004
650 4 _aLiteratura juvenil
942 _cBK
999 _c56885
_d56885